00968nam a2200277 i 450000500170000000800410001702000370005804000250009508200150012009000190013510000300015424501340018425000320031826400630035026400110041330000290042433600210045333700250047433800230049960000300052265000270055270000290057971000520060894200110066099900190067120260420100733.0260415t20252025my gr 000 f may d a9786299581604cRM89.00qhardback aPPAKbengcPPAKerda04a297.1822300a297.18bAHAdG0 aAhadiat Akashah,eauthor.10apesuruh /csebuah novel AHADIAT AKASHAH ; Pereka Grafik & Ilustrasi / Endegedek ; Editor / Sidang Editorial Roket Kertas Produksi aEdisi Roket Kertas Produksi 1aGombak Setia, Kuala Lumpur :bRoket Kertas Produksi,c2025 4c©2025 aviii, 709 pages ;c24 cm atext2rdacontent aunmediated2rdamedia avolume2rdacarrier00aMuhammad,cProphet,d-63210aIslamic stories, Malay0 aEndegedek,eillustrator.2 aSidang Editorial Roket Kertas Produksieeditor. 2ddccB c203869d203869